Probability and statistics / (Record no. 143496)

MARC details
000 -LEADER
fixed length control field 00548nam a22001817a 4500
005 - DATE AND TIME OF LATEST TRANSACTION
control field 20170817151423.0
010 ## - LCCN (DPL NO)
LC control number ENG-119791
020 ## - INTERNATIONAL STANDARD BOOK NUMBER
International Standard Book Number 9788184720204
Terms of availability 240.00
035 ## - SYSTEM CONTROL NUMBER
System control number EN-103323
037 ## - SOURCE OF ACQUISITION
Source of stock number/acquisition DBAD/PUB
082 ## - DEWEY DECIMAL CLASSIFICATION NUMBER
Classification number 519.2
100 ## - MAIN ENTRY--PERSONAL NAME
Personal name Namachivayam, T.
245 ## - TITLE STATEMENT
Title Probability and statistics /
Statement of responsibility, etc by T. Namachivayam
260 ## - PUBLICATION, DISTRIBUTION, ETC. (IMPRINT)
Place of publication, distribution, etc Kumbakonam(Chennai)
Name of publisher, distributor, etc Anuradha Publications
Date of publication, distribution, etc 2008
270 ## - ADDRESS
Address Vidayal Karuppur
City Kumbakonam(Chennai)
Postal code 612605
300 ## - PHYSICAL DESCRIPTION
Extent various paging
Dimensions 28cm(pbk)
942 ## - ADDED ENTRY ELEMENTS (KOHA)
Source of classification or shelving scheme Dewey Decimal Classification
Item type English Books
Classification part 519.2
Call number suffix NAM
Holdings
Withdrawn status Lost status Not for loan Collection code Home library Current library Date acquired Source of acquisition Cost, normal purchase price Full call number Barcode Copy number Cost, replacement price Koha item type
    Not For Loan Non-fiction D.B.Act.Division Bawana 17/08/2017 DBAD/PUB 240.00 519.2 NAM EN-103323 1 240.00 English Books

© Delhi Public Library
Hit Counter
free hit counter